Top 10 NBA PF's OAT - Statistics

General Stats
  • This quiz has been taken 25 times
  • The average score is 8 of 10
Answer Stats
Hint Answer % Correct
#1 - Spurs Tim Duncan
100%
#3 - Mavericks Dirk Nowitzki
96%
#6 - Bucks Giannis Antetokounmpo
91%
#2 - Timberwolves Kevin Garnett
91%
#4 - Jazz Karl Malone
87%
#8 - Pelicans Anthony Davis
78%
#5 - Suns Charles Barkley
78%
#10 - Celtics Kevin McHale
74%
#9 - Hawks Bob Pettit
70%
#7 - Wizards/Bullets Elvin Hayes
52%
No matching quizzes found
Score Distribution
Percent of People with Each Score
Percentile by Number Answered
Your Score History
You have not taken this quiz